Diễn biến hòa bình và chống chiến tranh diễn biến hòa bình
Đã lưu trong:
| 主要作者: | |
|---|---|
| 格式: | 圖書 |
| 語言: | Undetermined |
| 出版: |
Hà Nội
Bộ Quốc phòng
1993
|
| 主題: | |
| 標簽: |
添加標簽
沒有標簽, 成為第一個標記此記錄!
|
| Thư viện lưu trữ: | Trung tâm Học liệu Trường Đại học Cần Thơ |
|---|
| LEADER | 00619nam a2200181Ia 4500 | ||
|---|---|---|---|
| 001 | CTU_4731 | ||
| 008 | 210402s9999 xx 000 0 und d | ||
| 082 | |a 320.521 | ||
| 082 | |b D305 | ||
| 100 | |a Bộ Quốc phòng | ||
| 245 | 0 | |a Diễn biến hòa bình và chống chiến tranh diễn biến hòa bình | |
| 245 | 0 | |c Bộ Quốc phòng | |
| 260 | |a Hà Nội | ||
| 260 | |b Bộ Quốc phòng | ||
| 260 | |c 1993 | ||
| 650 | |a communism,military art and science,socialism | ||
| 904 | |i Nguyễn Quang Điền, 960701 | ||
| 980 | |a Trung tâm Học liệu Trường Đại học Cần Thơ | ||